عرض عادي
عرض مارك
- Goodman, Catherine Cavallaro.
مدخل إسم شخص
001 - رقم الضبط
- حقل الضبط: 36100
003 - معرف رقم الضبط
- حقل الضبط: OSt
005 - تاريخ ووقت أخر عملية
- حقل الضبط: 20130620151708.0
008 - عناصر بيانات ثابتة الطول
- حقل تحكم ثابت الطول: 130620|||a|||||| | ||| d
040 ## - مصدر الفهرسة
- هيئة الفهرسة الأصلية: OSt
- وكالة الكتابة: OSt
100 ## - مدخل -- أسم شخص
- إسم شخص: Goodman, Catherine Cavallaro.
670 ## - بيانات المصدر موجوده
- الاستشهاد بالمصدر: Work cat.: (OSt)0: Goodman, Catherine Cavallaro., Differential diagnosis for physical therapists :, c2013.
